Eltűnő fehér foltok jegyzetek újabb néprajzi könyvekről : [könyvismertetés] /

Elmentve itt :
Bibliográfiai részletek
Szerző: Kósa László
Dokumentumtípus: Cikk
Megjelent: 1975
Sorozat:Tiszatáj 29 No. 7
Kulcsszavak:Néprajztudomány - magyar - szakirodalom - 1974/1975 - könyvismertetés
Online Access:http://tiszataj.bibl.u-szeged.hu/8772
LEADER 00681nab a2200181 i 4500
001 tisza8772
005 20200330134526.0
008 161027s1975 hu o 0|| hun d
022 |a 0133-1167 
040 |a SZTE Tiszatáj Archívum  |b hun 
041 |a hun 
100 1 |a Kósa László 
245 1 0 |a Eltűnő fehér foltok   |h [elektronikus dokumentum] :  |b jegyzetek újabb néprajzi könyvekről : [könyvismertetés] /  |c  Kósa László 
260 |c 1975 
300 |a 90-94 
490 0 |a Tiszatáj  |v 29 No. 7 
695 |a Néprajztudomány - magyar - szakirodalom - 1974/1975 - könyvismertetés 
856 4 0 |u http://tiszataj.bibl.u-szeged.hu/8772/1/tiszataj_1975_007_090-094.pdf  |z Dokumentum-elérés